Größte Spanisch sprechende Städte - Statistiken

Allgemein
  • Dieses Quiz wurde 89 mal gespielt
  • Das Durchschnittsergebnis liegt bei 16 aus 30
Antwortstatistiken
Einwohner Stadt % Korrekt
4,875.000 Barcelona
100%
6,700.000 Madrid
99%
16,800.000 Buenos Aires
94%
10,600.000 Bogota
91%
12,000.000 Lima
87%
1,940.000 Valencia (Spanien)
87%
2,100.000 Valencia (Venezuela)
87%
8,400.000 Santiago
84%
25,400.000 Mexico City
83%
3,850.000 Caracas
74%
2,875.000 Quito
70%
4,350.000 Medellín
62%
1,870.000 La Paz
55%
2,150.000 Havanna
54%
2,350.000 Asunción
52%
5,950.000 Guadalajara
52%
2,975.000 Cali
43%
3,900.000 Santo Domingo
41%
6,150.000 Monterrey
35%
2,450.000 San José
33%
2,300.000 Tijuana
33%
3,375.000 Guatemala City
26%
3,350.000 Guayaquil
22%
2,375.000 Barranquilla
20%
4,300.000 Puebla
19%
2,825.000 Maracaibo
16%
2,300.000 León
14%
1,960.000 Santa Cruz
13%
1,910.000 San Juan
7%
2,725.000 Toluca
7%
Keine übereinstimmenden Quizze gefunden
Verteilung der Resultate
Anzahl Personen mit jedem Resultat
Perzentil nach korrekt beantworteten Fragen
Ihre Resultats-Entwicklung
Sie haben dieses Quiz noch nicht gespielt